My Christmas treasury / (Record no. 57393)

MARC details
000 -LEADER
fixed length control field 00815pam a2200229 a 4500
005 - DATE AND TIME OF LATEST TRANSACTION
control field 20181217163308.0
010 ## - LCCN (DPL NO)
LC control number G-001750
020 ## - INTERNATIONAL STANDARD BOOK NUMBER
International Standard Book Number 9788122204926
Terms of availability 150.00
035 ## - SYSTEM CONTROL NUMBER
System control number G-001750
082 00 - DEWEY DECIMAL CLASSIFICATION NUMBER
Classification number 282.335
Edition number DPL modified
245 00 - TITLE STATEMENT
Title My Christmas treasury /
Statement of responsibility, etc [compiled by] Norman Vincent Peale.
250 ## - EDITION STATEMENT
Edition statement 1st ed.
260 ## - PUBLICATION, DISTRIBUTION, ETC. (IMPRINT)
Place of publication, distribution, etc New Delhi :
Name of publisher, distributor, etc Orient Publishing,
Date of publication, distribution, etc 2010.
270 ## - ADDRESS
Address 5A/8, Ansari Road, New Delhi
City New Delhi
300 ## - PHYSICAL DESCRIPTION
Extent viii, 140 p. :
Other physical details ill. ;
Dimensions 18 cm. (Pbk)
500 ## - GENERAL NOTE
General note "A Giniger book."
650 #0 - SUBJECT ADDED ENTRY--TOPICAL TERM
Topical term or geographic name as entry element Christmas.
700 1# - ADDED ENTRY--PERSONAL NAME
Personal name Peale, Norman Vincent,
Dates associated with a name 1898-1993.
9 (RLIN) 35322
942 ## - ADDED ENTRY ELEMENTS (KOHA)
Source of classification or shelving scheme Dewey Decimal Classification
Item type Children Books
Classification part 282.335
Call number suffix MYC
Holdings
Withdrawn status Lost status Not for loan Collection code Home library Current library Date acquired Source of acquisition Cost, normal purchase price Full call number Barcode Copy number Cost, replacement price Koha item type
      Non-fiction Patel Nagar Patel Nagar 07/10/2011 gift 150.00 282.335 MYC G-001750 1 150.00 Children Books

© Delhi Public Library
Hit Counter
free hit counter